000 01738cam a2200181 4500500
005 20260322002955.0
041 _afre
042 _adc
100 1 0 _aMiczka, Jean
_eauthor
700 1 0 _aChanteloup, Laine
_eauthor
700 1 0 _aClivaz, Christophe
_eauthor
245 0 0 _aReconfiguring territorial governance in the light of the tourism transition. The case of mountain huts in the Franco-Swiss Alps
260 _c2026.
500 _a10
520 _aTourism transition is currently a major challenge for mountain refuges and, more generally, for less developed mountains. At a time when mountain huts are undergoing a significant diversification of their activities and of their public, the owners of these structures have to cope with the effects of climate change and a significant increase in renovation costs. The multi-functional nature of the hut means that an increasing number of stakeholders are becoming involved and collaborating around this structure. As a result, we are seeing an increase in co-financing, increasingly frequent integration of the refuge in a territorial project, and more concerted efforts to diversify activities in the area. Through a study of 6 valleys and 22 huts in France and Switzerland, this article highlights the redefinition of territorial governance in the light of tourism transition. This evolution manifests itself in organisational reconfigurations characterised by an increased concertation between actors in the less developed mountains in the context of this transition.
786 0 _nNatures Sciences Sociétés | 33 | 3 | 2026-03-03 | p. 271-281 | 1240-1307
856 4 1 _uhttps://stm.cairn.info/journal-natures-sciences-societes-2025-3-page-271?lang=en&redirect-ssocas=7080
999 _c1728184
_d1728184